• 首页
  • 本馆介绍
  • 公告通知
  • 最新文献
  • 馆藏检索
  • 电子资源
  • 读者导购
  • 参考咨询
  • 我的图书馆
  • 登录
  • 详细信息显示
  • 放入我的书架
  • 预约/预借图书
  • 作者相关作品
  • 分类相关作品
  • 丛书相关作品
  • 出版社相关作品

书目信息

  • 表格格式
  • 工作单格式
  • 卡片格式
题名:
Excel统计分析与应用
    
 
作者: 庄君 , 蒋敏杰 , 李秀霞 编著
分册:  
出版信息: 北京   电子工业出版社  2013
页数: 10,309页
开本: 26cm
丛书名:
单 册:
中图分类: C819
科图分类:
主题词: 表处理软件--应用--统计分析 , 表处理软件 , 统计分析
电子资源:
ISBN: 978-7-121-19215-9
000 01141nam0 2200301 450
001 523
005 20140905091220.62
010    @a978-7-121-19215-9@dCNY48.00
100    @a20130327d2013 em y0chiy50 ea
101 0  @achi
102    @aCN@b110000
105    @ay z 000yy
106    @ar
200 1  @aExcel统计分析与应用@AExcel Tong Ji Fen Xi Yu Ying Yong@f庄君,蒋敏杰,李秀霞等编著@FZhuang Jun, Jiang Min Jie, Li Xiu Xia Deng Bian Zhu
205    @a修订版
210    @a北京@c电子工业出版社@d2013
215    @a10,309页@d26cm@e附光盘1片
307    @a附光盘:ISBN 978-7-89432-529-7
330    @a本书共分为17章,讲解了Excel在统计分析中的应用,内容包括:Excel 2010的基础知识、Excel 2010数据管理的功能、描述性统计分析、数据分组与频数统计、抽样与随机数发生器、二项分布、泊松分布和正态分布、参数估计、假设检验等。
606 0  @a表处理软件@x应用@x统计分析
606 0  @a表处理软件
606 0  @a统计分析
690    @aC819@v5
701  0 @a庄君@AZhuang Jun@4编著
701  0 @a蒋敏杰@AJiang Min Jie@4编著
701  0 @a李秀霞@ALi Xiu Xia@c(办公自动化)@4编著
801  0 @aCN@bTANGWEI@c20140603
905    @b0841457-59@dC819@e105=2@f3
    
    Excel统计分析与应用/庄君,蒋敏杰,李秀霞等编著.-修订版.-北京:电子工业出版社,2013
    10,309页;26cm+附光盘1片
    
    
    ISBN 978-7-121-19215-9:CNY48.00
    本书共分为17章,讲解了Excel在统计分析中的应用,内容包括:Excel 2010的基础知识、Excel 2010数据管理的功能、描述性统计分析、数据分组与频数统计、抽样与随机数发生器、二项分布、泊松分布和正态分布、参数估计、假设检验等。
●
相关链接 在E读中查询图书 在五车中查询图书 在当当中查询图书 在豆瓣中查询图书


正题名:Excel统计分析与应用     索取号:C819/105=2         预约/预借

序号 登录号 条形码 馆藏地/架位号 状态 备注
1 0841457   208414571   第一样本阅览室/ [索取号:C819/105=2] 在馆    
2 0841458   208414580   第一借阅区/ [索取号:C819/105=2] 在馆    
3 0841459   208414599   密集书库-海洋学院/ [索取号:C819/105=2] 在馆    
唐山师范学院图书馆 欢迎您!
大连网信软件有限公司© 版权所有